[Event "Ruhrgebiet Verbandsklasse Gruppe 1 1718"]
[Site "Germany"]
[Date "2018.02.25"]
[Round "7.1"]
[White "Grosse Frintrop, Gerd"]
[Black "Leveikina, Jevgenija"]
[Result "1/2-1/2"]
[WhiteElo "1957"]
[BlackElo "2035"]
[PlyCount "81"]
[EventDate "2017.09.17"]
[EventType "team-tourn"]
[EventRounds "9"]
[EventCountry "GER"]
[SourceTitle "EXT 2022"]
[Source "ChessBase"]
[SourceDate "2021.10.06"]
[SourceVersion "1"]
[SourceVersionDate "2021.10.06"]
[SourceQuality "1"]
[WhiteTeam "Buer SF"]
[BlackTeam "Wattenscheid SV III"]
[WhiteTeamCountry "GER"]
[BlackTeamCountry "GER"]

1. d4 Nf6 2. c4 g6 3. Nc3 Bg7 4. e4 d6 5. f3 0-0 6. Be3 c5 7. Nge2 Nc6 8. Qd2 Qa5 9. d5 Ne5 10. Nc1 a6 11. h3 e6 12. f4 Nxc4 13. Bxc4 b5 14. Bd3 b4 15. Nd1 exd5 16. exd5 c4 17. Bc2 Nxd5 18. Bd4 Bxd4 19. Qxd4 b3+ 20. Nc3 Nxc3 21. Qd2 Re8+ 22. Kf1 bxc2 23. bxc3 Bf5 24. Kf2 Qc5+ 25. Qd4 Qc7 26. Ne2 Rab8 27. Rac1 Bd3 28. Ng3 d5 29. Rhe1 Qd7 30. f5 Rxe1 31. Rxe1 Re8 32. Rc1 Bxf5 33. Nf1 Bd3 34. Ne3 Qe6 35. Nxd5 Qe2+ 36. Kg1 Qd1+ 37. Kh2 Qxc1 38. Nf6+ Kf8 39. Nxh7+ Ke7 40. Qe5+ Kd8 41. Qd6+ 1/2-1/2

[Event "Ruhrgebiet Regionalliga 1314"]
[Site "Ruhrgebiet"]
[Date "2014.03.23"]
[Round "8.1"]
[White "Quast, Marcel"]
[Black "Grosse Frintrop, Gerd"]
[Result "1-0"]
[WhiteElo "2137"]
[BlackElo "1946"]
[PlyCount "135"]
[EventDate "2013.09.22"]
[EventType "team-tourn"]
[EventRounds "9"]
[EventCountry "GER"]
[SourceTitle "EXT 2024"]
[Source "ChessBase"]
[SourceDate "2023.10.10"]
[SourceVersion "1"]
[SourceVersionDate "2023.10.10"]
[SourceQuality "1"]
[WhiteTeam "Gerthe Werne"]
[BlackTeam "Buer"]
[WhiteTeamCountry "GER"]
[BlackTeamCountry "GER"]

1. e4 c5 2. d4 cxd4 3. c3 dxc3 4. Nxc3 Nc6 5. Nf3 d6 6. Bc4 e6 7. 0-0 Be7 8. Qe2 a6 9. Rd1 Qc7 10. Bf4 Nf6 11. Rac1 0-0 12. Bb3 e5 13. Be3 Bg4 14. h3 Be6 15. Nd5 Qd8 16. Bb6 Qd7 17. Ba4 Bxd5 18. exd5 Nxd5 19. Rxd5 Rac8 20. Qd2 Qe6 21. Bb3 Qg6 22. Rc4 Kh8 23. Rg4 Qb1+ 24. Kh2 f5 25. Rc4 f4 26. Qc2 Qxc2 27. Rxc2 g5 28. a3 h5 29. Nd2 Rf6 30. Ne4 Rg6 31. Rcd2 g4 32. g3 Rf8 33. h4 fxg3+ 34. fxg3 Rf3 35. Bd1 Rf1 36. Bf2 Nd4 37. Kg2 Rxf2+ 38. Rxf2 Kg7 39. Bc2 Re6 40. Bd3 Nf3 41. Be2 Nd4 42. Bc4 Nf3 43. Rxf3 gxf3+ 44. Kxf3 Rg6 45. Bf1 Kf7 46. Bh3 Rh6 47. Bc8 Rh8 48. Bxb7 Rb8 49. Bxa6 Rxb2 50. Bc4 Rc2 51. Bb3 Rb2 52. Rb5+ Kf8 53. Rb8+ Kg7 54. Rb7 Kf8 55. a4 Rb1 56. Nc3 Rf1+ 57. Ke2 Rg1 58. Kf2 Rc1 59. Nd5 Bd8 60. Rb8 Ke8 61. Nf6+ Ke7 62. Nxh5 Ba5 63. Rb7+ Kd8 64. Nf6 Be1+ 65. Kg2 Rc3 66. Ne4 Rd3 67. h5 d5 68. h6 1-0

[Event "Ruhrgebiet Verbandsliga1 1213"]
[Site "Nordrheinwestfalen"]
[Date "2012.10.28"]
[Round "3"]
[White "Kemna, Martin"]
[Black "Grosse Frintrop, Gerd"]
[Result "1-0"]
[WhiteElo "1965"]
[BlackElo "1954"]
[PlyCount "90"]
[EventDate "2012.09.02"]
[EventType "team-tourn"]
[EventRounds "9"]
[EventCountry "GER"]
[SourceTitle "EXT 2020"]
[Source "ChessBase"]
[SourceDate "2019.10.17"]
[SourceVersion "1"]
[SourceVersionDate "2019.10.17"]
[SourceQuality "1"]
[WhiteTeam "Dortmund Hansa III"]
[BlackTeam "Buer SF"]
[WhiteTeamCountry "GER"]
[BlackTeamCountry "GER"]

1. e4 g6 2. c4 Bg7 3. Nc3 c5 4. g3 Nc6 5. Bg2 d6 6. Nge2 Bg4 7. h3 Bd7 8. d3 a6 9. Be3 Nd4 10. f4 Bc6 11. 0-0 e6 12. Bf2 Ne7 13. Nxd4 cxd4 14. Ne2 e5 15. g4 f6 16. a4 a5 17. Be1 Qd7 18. b3 0-0 19. f5 Bh6 20. Bd2 Bxd2 21. Qxd2 Kg7 22. fxg6 hxg6 23. Ng3 Qe8 24. Rf2 Ng8 25. Raf1 Qe7 26. h4 f5 27. gxf5 Qxh4 28. Rf3 g5 29. f6+ Kf7 30. Nf5 Qh5 31. Nxd6+ Kg6 32. f7 Nh6 33. Qf2 g4 34. Rf6+ Kh7 35. Qg3 Bd7 36. R1f2 Qg5 37. Bf1 Kg7 38. c5 Qe3 39. Qxe5 g3 40. R6f3+ Kh7 41. Qxg3 Qc1 42. Rg2 Bg4 43. Rf6 Kg7 44. e5 Rh8 45. Rxh6 Qxh6 1-0

[Event "Ruhrgebiet Verbandsliga1 1213"]
[Site "Nordrheinwestfalen"]
[Date "2012.09.02"]
[Round "1.1"]
[White "Ganzer, Uwe"]
[Black "Grosse Frintrop, Gerd"]
[Result "1-0"]
[WhiteElo "2183"]
[BlackElo "1954"]
[PlyCount "99"]
[EventDate "2012.09.02"]
[EventType "team-tourn"]
[EventRounds "9"]
[EventCountry "GER"]
[SourceTitle "EXT 2020"]
[Source "ChessBase"]
[SourceDate "2019.10.17"]
[SourceVersion "1"]
[SourceVersionDate "2019.10.17"]
[SourceQuality "1"]
[WhiteTeam "Dortmund SV"]
[BlackTeam "Buer SF"]
[WhiteTeamCountry "GER"]
[BlackTeamCountry "GER"]

1. Nf3 g6 2. c4 Bg7 3. Nc3 c5 4. d4 d6 5. dxc5 dxc5 6. Qxd8+ Kxd8 7. Be3 Na6 8. Ng5 Nh6 9. g3 Bd7 10. Bg2 Rb8 11. 0-0-0 Ke8 12. Nb5 Ng4 13. Bh3 Bxb5 14. cxb5 Nxe3 15. fxe3 Bh6 16. Nxf7 Bxe3+ 17. Kb1 Kxf7 18. Rhf1+ Kg7 19. Rd7 Bg5 20. bxa6 bxa6 21. Be6 Bf6 22. b3 Rhd8 23. Rfd1 Rxd7 24. Rxd7 Rb6 25. Bc4 Rd6 26. Rxa7 Rd1+ 27. Kc2 Rh1 28. Rxa6 Rxh2 29. Ra8 Be5 30. g4 Kf6 31. a4 Rh1 32. a5 Kg5 33. Bb5 Ra1 34. Ba4 c4 35. a6 Ra2+ 36. Kc1 Ra1+ 37. Kc2 Ra2+ 38. Kc1 c3 39. e3 Bd6 40. Rc8 Ba3+ 41. Kb1 Rb2+ 42. Ka1 c2 43. a7 Rb1+ 44. Ka2 c1Q 45. Rxc1 Rxc1 46. Kxa3 Rc8 47. Bc6 Rxc6 48. a8Q Re6 49. Qd5+ Kf6 50. g5+ 1-0

[Event "Ruhrgebiet Verbandsliga1 1112"]
[Site "Nordrheinwestfalen"]
[Date "2012.02.12"]
[Round "6.1"]
[White "Grosse Frintrop, Gerd"]
[Black "Krueger, Andre"]
[Result "1-0"]
[WhiteElo "1963"]
[BlackElo "2067"]
[PlyCount "123"]
[EventDate "2012.09.18"]
[EventType "team-tourn"]
[EventRounds "9"]
[EventCountry "GER"]
[SourceTitle "EXT 2020"]
[Source "ChessBase"]
[SourceDate "2019.10.17"]
[SourceVersion "1"]
[SourceVersionDate "2019.10.17"]
[SourceQuality "1"]
[WhiteTeam "Buer SF"]
[BlackTeam "Muelheim Nord III"]
[WhiteTeamCountry "GER"]
[BlackTeamCountry "GER"]

1. d4 d5 2. c4 c6 3. cxd5 cxd5 4. Nf3 Nc6 5. Nc3 Nf6 6. Bf4 e6 7. e3 Bd6 8. Bg5 Qa5 9. Bxf6 gxf6 10. a3 f5 11. g3 Bd7 12. Be2 Rc8 13. 0-0 0-0 14. Nh4 Qd8 15. f4 Kh8 16. Nf3 f6 17. Kf2 Qe7 18. Rg1 Rg8 19. h3 Qf7 20. Rc1 Ne7 21. Qd2 a6 22. g4 fxg4 23. hxg4 e5 24. f5 e4 25. Nh4 Rg5 26. Rh1 Rcg8 27. Rcg1 R8g7 28. Qd1 Kg8 29. Qc2 h5 30. Nxe4 dxe4 31. Bc4 Nd5 32. Qxe4 Bc6 33. Ng6 Kh7 34. Rxh5+ Rxh5 35. gxh5 Nc3 36. Qd3 Ne4+ 37. Ke2 Bd5 38. Bxd5 Qxd5 39. Rg4 Ng3+ 40. Kf2 Qxf5+ 41. Qxf5 Nxf5 42. Kf3 Kh6 43. Nh4 Rxg4 44. Nxf5+ Kxh5 45. Nxd6 Rg7 46. Ne4 Kg6 47. Nc5 Rc7 48. Ke4 Re7+ 49. Kd3 Kf5 50. a4 Rh7 51. a5 Re7 52. b4 Rh7 53. Kc4 Re7 54. e4+ Rxe4 55. Nxe4 Kxe4 56. d5 Ke5 57. Kc5 f5 58. b5 f4 59. bxa6 bxa6 60. d6 Ke6 61. Kc6 f3 62. d7 1-0

[Event "Ruhrgebiet VK2 0910"]
[Site "Ruhrgebiet"]
[Date "2010.01.10"]
[Round "5.1"]
[White "Ter Steeg, Marcus"]
[Black "Grosse Frintrop, Gerd"]
[Result "1-0"]
[WhiteElo "1961"]
[BlackElo "2070"]
[PlyCount "93"]
[EventDate "2009.09.06"]
[EventType "team"]
[EventRounds "9"]
[EventCountry "GER"]
[SourceTitle "EXT 2011"]
[Source "ChessBase"]
[SourceDate "2010.11.26"]
[SourceVersion "1"]
[SourceVersionDate "2010.11.26"]
[SourceQuality "1"]
[WhiteTeam "Essen Werden"]
[BlackTeam "Buer"]
[WhiteTeamCountry "GER"]
[BlackTeamCountry "GER"]

1. d4 Nf6 2. c4 g6 3. Nc3 d5 4. Nf3 Bg7 5. Bg5 Ne4 6. Bh4 Nxc3 7. bxc3 0-0 8. cxd5 Qxd5 9. Bxe7 Re8 10. Ba3 Bg4 11. e3 Nd7 12. Be2 Qa5 13. Bb4 Qh5 14. 0-0 Rad8 15. h3 Bxh3 16. gxh3 Qxh3 17. Nh2 Nf6 18. Bf3 b6 19. Bg2 Qh4 20. Qf3 a5 21. Ba3 Ne4 22. Qg4 Qxg4 23. Nxg4 Nxc3 24. Bb2 Nd5 25. Rab1 f5 26. Bxd5+ Rxd5 27. Ne5 b5 28. f4 Bxe5 29. fxe5 c5 30. dxc5 Rxc5 31. Bd4 Rd5 32. Rbc1 Kf7 33. Rc6 Re6 34. Rc7+ Re7 35. Rfc1 b4 36. Rxe7+ Kxe7 37. Rc7+ Rd7 38. Rc5 a4 39. Rb5 b3 40. axb3 axb3 41. Rxb3 f4 42. Bc5+ Ke6 43. exf4 g5 44. Rb6+ Kf5 45. Rf6+ Kg4 46. e6 Rd2 47. fxg5 1-0

[Event "Ruhrgebiet VL2 0708"]
[Site "Germany"]
[Date "2008.02.17"]
[Round "6.2"]
[White "Goschin, Andreas"]
[Black "Grosse Frintrop, Gerd"]
[Result "1-0"]
[WhiteElo "2161"]
[BlackElo "2045"]
[PlyCount "85"]
[EventDate "2007.09.02"]
[EventType "team"]
[EventRounds "9"]
[EventCountry "GER"]
[SourceTitle "EXT 2009"]
[Source "ChessBase"]
[SourceDate "2008.11.26"]
[SourceVersion "1"]
[SourceVersionDate "2008.11.26"]
[SourceQuality "1"]
[WhiteTeam "Laeufer Ost"]
[BlackTeam "Buer"]
[WhiteTeamCountry "GER"]
[BlackTeamCountry "GER"]

1. e4 Nc6 2. Nf3 f5 3. exf5 d5 4. Bb5 Bxf5 5. Ne5 Qd6 6. d4 a6 7. Bxc6+ bxc6 8. c3 c5 9. Qa4+ Bd7 10. Nxd7 Qxd7 11. Qxd7+ Kxd7 12. dxc5 e5 13. b4 Nf6 14. Nd2 Be7 15. Bb2 Rhb8 16. 0-0-0 Ng4 17. Ne4 Ke6 18. h3 Nh6 19. Nd2 Rf8 20. Nf3 Bf6 21. Rhe1 e4 22. c4 Bxb2+ 23. Kxb2 c6 24. Nd4+ Kd7 25. f3 exf3 26. Nxf3 Rf5 27. Ne5+ Kc7 28. cxd5 cxd5 29. Nf3 Rd8 30. Rd2 Rd7 31. Nd4 Rf6 32. a4 Nf5 33. Nxf5 Rxf5 34. Re6 Rf6 35. Rxf6 gxf6 36. b5 a5 37. Kc3 Rd8 38. Rf2 d4+ 39. Kd3 Rd5 40. c6 f5 41. Rf4 Rc5 42. Rxd4 Rc1 43. Rd7+ 1-0

[Event "Oberhausen op"]
[Site "Oberhausen"]
[Date "2007.04.06"]
[Round "2"]
[White "Grosse Frintrop, Gerd"]
[Black "Hausrath, Daniel"]
[Result "0-1"]
[WhiteElo "2045"]
[BlackElo "2526"]
[PlyCount "60"]
[EventDate "2007.04.05"]
[EventType "swiss"]
[EventRounds "7"]
[EventCountry "GER"]
[SourceTitle "CBM 117 Extra"]
[Source "ChessBase"]
[SourceDate "2007.05.09"]
[SourceVersion "1"]
[SourceVersionDate "2007.05.09"]
[SourceQuality "1"]

1. d4 Nf6 2. c4 Nc6 3. Nc3 e5 4. d5 Ne7 5. Bg5 Ng6 6. g3 Bc5 7. Nf3 h6 8. Bxf6 Qxf6 9. Bg2 Qa6 10. Qb3 f5 11. e4 f4 12. 0-0 fxg3 13. hxg3 0-0 14. Na4 Be7 15. c5 Kh7 16. Rad1 b5 17. Nc3 Bxc5 18. Nxb5 Qb6 19. Nc3 Qxb3 20. axb3 Rb8 21. Na4 Bb4 22. Rc1 Ba6 23. Rfd1 Be2 24. Nd2 Bxd1 25. Rxd1 d6 26. Bh3 Bxd2 27. Rxd2 Rxb3 28. Bf5 Rfb8 29. f4 exf4 30. Nc3 Kh8 0-1

[Event "Paderborn op"]
[Site "Paderborn"]
[Date "2006.??.??"]
[Round "1"]
[White "Biebinger, Gerhard"]
[Black "Grosse Frintrop, Gerd"]
[Result "1-0"]
[WhiteElo "2315"]
[BlackElo "2054"]
[PlyCount "75"]
[EventDate "2006.??.??"]
[EventType "swiss"]
[EventRounds "7"]
[EventCountry "GER"]
[SourceTitle "EXT 2010"]
[Source "ChessBase"]
[SourceDate "2010.11.25"]
[SourceVersion "1"]
[SourceVersionDate "2010.11.25"]
[SourceQuality "1"]

1. d4 Nf6 2. c4 d5 3. cxd5 g6 4. Nf3 Nxd5 5. e4 Nb6 6. h3 Bg7 7. Nc3 0-0 8. Be3 Nc6 9. Rc1 e5 10. d5 Nb8 11. Be2 h6 12. Qd2 Kh7 13. 0-0 f5 14. Rfd1 f4 15. Bc5 Rf7 16. a4 g5 17. a5 N6d7 18. Ba3 Rf6 19. Nb5 Na6 20. Qc3 c5 21. Qe1 Rg6 22. d6 h5 23. Nh2 g4 24. hxg4 Qg5 25. Qf1 hxg4 26. Bxg4 Qh4 27. Bf5 Nf6 28. Bxg6+ Kxg6 29. Nf3 Qh5 30. Nc7 Nxc7 31. dxc7 Bd7 32. Rxc5 Nxe4 33. Qd3 Rh8 34. Qxe4+ Bf5 35. Rd6+ Kf7 36. Qd5+ Ke7 37. c8N+ Bxc8 38. Rc7+ 1-0

[Event "Ruhrgebiet VL2 0405"]
[Site "Ruhrgebiet"]
[Date "2005.01.09"]
[Round "5.2"]
[White "Konikowski, Jerzy"]
[Black "Grosse Frintrop, Gerd"]
[Result "1-0"]
[WhiteElo "2201"]
[BlackElo "1995"]
[PlyCount "77"]
[EventDate "2004.09.12"]
[EventType "team"]
[EventRounds "9"]
[EventCountry "GER"]
[SourceTitle "EXT 2006"]
[Source "ChessBase"]
[SourceDate "2005.11.24"]
[SourceVersion "1"]
[SourceVersionDate "2005.11.24"]
[SourceQuality "1"]
[WhiteTeam "Dortmund FS 98"]
[BlackTeam "Buer"]
[WhiteTeamCountry "GER"]
[BlackTeamCountry "GER"]

1. d4 Nf6 2. c4 g6 3. Nc3 d5 4. Bf4 c6 5. e3 Bg7 6. h3 0-0 7. Nf3 Nbd7 8. Rc1 dxc4 9. Bxc4 Nb6 10. Bb3 Nbd5 11. Be5 h6 12. 0-0 Bf5 13. Qe2 Rc8 14. Rfd1 g5 15. Bc2 Bxc2 16. Qxc2 Nd7 17. Bxg7 Kxg7 18. e4 Nf4 19. Kh2 e6 20. g3 Ng6 21. Kg2 Qe7 22. Re1 h5 23. Qd2 f6 24. e5 g4 25. hxg4 hxg4 26. exf6+ Qxf6 27. Ng5 Rce8 28. Rh1 Rh8 29. Nce4 Qf5 30. Qe3 Qd5 31. b3 Nf6 32. f3 gxf3+ 33. Qxf3 Qxd4 34. Rcd1 Qe5 35. Rd7+ Re7 36. Rxe7+ Nxe7 37. Rxh8 Qb2+ 38. Kh3 Nf5 39. Rb8 1-0

[Event "Ruhrgebiet VL2 0405"]
[Site "Ruhrgebiet"]
[Date "2004.11.28"]
[Round "4.2"]
[White "Grosse Frintrop, Gerd"]
[Black "Spyrou, Emanuel"]
[Result "1/2-1/2"]
[WhiteElo "1995"]
[BlackElo "2170"]
[PlyCount "119"]
[EventDate "2004.09.12"]
[EventType "team"]
[EventRounds "9"]
[EventCountry "GER"]
[SourceTitle "EXT 2006"]
[Source "ChessBase"]
[SourceDate "2005.11.24"]
[SourceVersion "1"]
[SourceVersionDate "2005.11.24"]
[SourceQuality "1"]
[WhiteTeam "Buer"]
[BlackTeam "Hamm 1911"]
[WhiteTeamCountry "GER"]
[BlackTeamCountry "GER"]

1. d4 Nf6 2. c4 g6 3. f3 Bg7 4. e4 d6 5. Nc3 0-0 6. Be3 Nc6 7. Qd2 a6 8. Nge2 Rb8 9. Rb1 e5 10. d5 Ne7 11. b4 Nd7 12. Nc1 f5 13. Bd3 fxe4 14. Nxe4 Nf5 15. Bf2 Bh6 16. Qe2 Nf6 17. Nxf6+ Qxf6 18. Nb3 Nh4 19. 0-0 Bd7 20. Be3 Bf4 21. Rbc1 Rbe8 22. Rfe1 Qg5 23. Bxf4 Rxf4 24. Kh1 Ref8 25. Nd2 Rd4 26. Ne4 Qe7 27. Rf1 Nf5 28. g4 Nh4 29. Rcd1 g5 30. Qe3 h6 31. Ng3 Rdf4 32. Be4 Qf7 33. Nh5 Rxg4 34. fxg4 Qxf1+ 35. Rxf1 Rxf1+ 36. Qg1 Rxg1+ 37. Kxg1 Kf7 38. h3 Ng6 39. Bxg6+ Kxg6 40. Kf2 c6 41. Ke3 cxd5 42. cxd5 Bb5 43. Ng3 Bc4 44. a3 Bxd5 45. Nf5 Bc6 46. Nxd6 Kf6 47. Nc4 Bd5 48. Nd6 Bg2 49. Kf2 Bxh3 50. Kg3 Bf1 51. Nxb7 Ke6 52. Nd8+ Ke7 53. Nb7 Kd7 54. Kf3 Ke6 55. Nd8+ Kf6 56. Nb7 Bc4 57. Nc5 Ke7 58. Ke4 Kd6 59. Nb7+ Kc7 60. Nc5 1/2-1/2

[Event "Ruhrgebiet VK3 0304"]
[Site "Ruhrgebiet"]
[Date "2004.03.28"]
[Round "8.3"]
[White "Grosse Frintrop, Gerd"]
[Black "Ribbeheger, Edgar"]
[Result "1-0"]
[WhiteElo "1975"]
[BlackElo "1994"]
[PlyCount "147"]
[EventDate "2003.09.28"]
[EventType "team"]
[EventRounds "9"]
[EventCountry "GER"]
[SourceTitle "EXT 2007"]
[Source "ChessBase"]
[SourceDate "2006.11.23"]
[SourceVersion "1"]
[SourceVersionDate "2006.11.23"]
[SourceQuality "1"]
[WhiteTeam "Buer"]
[BlackTeam "Haltern"]
[WhiteTeamCountry "GER"]
[BlackTeamCountry "GER"]

1. d4 Nf6 2. c4 b6 3. Nc3 Bb7 4. Nf3 e6 5. g3 Be7 6. Bg2 d6 7. 0-0 Nbd7 8. d5 e5 9. Qc2 0-0 10. Ng5 h6 11. Nf3 Nh7 12. b4 a5 13. bxa5 Rxa5 14. Bd2 Ra8 15. a4 Ba6 16. Nb5 Bf6 17. Be3 Nc5 18. Ra2 Nb7 19. Nd2 Bxb5 20. axb5 Re8 21. Rfa1 Rb8 22. Be4 Nf8 23. Ra7 Bg5 24. Bxg5 hxg5 25. Bf5 g6 26. Bh3 Kg7 27. Qa4 Nd7 28. Bxd7 Qxd7 29. Qc2 Rh8 30. Nf1 Nc5 31. Qc3 Rbc8 32. Qf3 g4 33. Qg2 Qf5 34. Ne3 Qg5 35. R7a3 f5 36. f3 gxf3 37. exf3 Rhe8 38. Nf1 Qf6 39. Nd2 e4 40. f4 Qd4+ 41. Kh1 Nd3 42. Qe2 Rh8 43. Kg2 Kf6 44. Rf1 Rce8 45. h4 Ra8 46. Rfa1 Rxa3 47. Rxa3 Rxh4 48. Rxd3 Rh2+ 49. Kxh2 exd3 50. Qe6+ Kg7 51. Kg2 Qb2 52. Qe3 Qc2 53. Kf2 Kh6 54. g4 fxg4 55. f5+ Kh5 56. fxg6 Kxg6 57. Qe6+ Kh7 58. Ke3 Qd1 59. Kxd3 Qg1 60. Qe3 Qd1 61. Qe2 Qg1 62. Qe4+ Kg8 63. Qe8+ Kh7 64. Qd7+ Kg8 65. Qxc7 Qg3+ 66. Kc2 Qf4 67. Qxb6 g3 68. Qg1 Qf5+ 69. Kd1 Qe5 70. Qg2 Qa1+ 71. Ke2 Qe5+ 72. Qe4 Qh5+ 73. Nf3 g2 74. Kf2 1-0

[Event "Ruhrgebiet VK3 0304"]
[Site "Ruhrgebiet"]
[Date "2004.01.11"]
[Round "5.3"]
[White "Prass, Marian"]
[Black "Grosse Frintrop, Gerd"]
[Result "0-1"]
[WhiteElo "1910"]
[BlackElo "1975"]
[PlyCount "98"]
[EventDate "2003.09.28"]
[EventType "team"]
[EventRounds "9"]
[EventCountry "GER"]
[SourceTitle "EXT 2007"]
[Source "ChessBase"]
[SourceDate "2006.11.23"]
[SourceVersion "1"]
[SourceVersionDate "2006.11.23"]
[SourceQuality "1"]
[WhiteTeam "Altenessen II"]
[BlackTeam "Buer"]
[WhiteTeamCountry "GER"]
[BlackTeamCountry "GER"]

1. e4 d5 2. exd5 Qxd5 3. Nc3 Qa5 4. d4 c6 5. Bc4 Nf6 6. Nf3 Bf5 7. Bd2 e6 8. Ne4 Qc7 9. Nxf6+ gxf6 10. Qe2 Be7 11. 0-0-0 Nd7 12. Nh4 Bg6 13. f4 f5 14. Nxf5 Bxf5 15. g4 Bxg4 16. Qxg4 Nf6 17. Qe2 0-0-0 18. f5 Rxd4 19. Bd3 e5 20. Bc3 Rd5 21. Bc4 Bd6 22. Rhg1 Rxd1+ 23. Rxd1 Ne8 24. Qh5 f6 25. Qh3 b5 26. Bb3 a5 27. a4 b4 28. Be1 c5 29. Qd3 Qc6 30. Bd5 Qb6 31. Bf7 Kc7 32. Bh4 Rf8 33. Qc4 Qc6 34. Bd5 Qb6 35. Rg1 Be7 36. Bf2 Nd6 37. Bxc5 Nxc4 38. Bxb6+ Nxb6 39. Bb3 Kd6 40. Rd1+ Kc7 41. Rg1 Kd6 42. Rg7 Rd8 43. Rxh7 Nd5 44. Bxd5 Kxd5 45. Rxe7 Ke4 46. Rh7 Kf3 47. Rg7 e4 48. Rg1 e3 49. h4 e2 0-1

[Event "Ruhrgebiet VK3 0304"]
[Site "Ruhrgebiet"]
[Date "2003.11.09"]
[Round "3.3"]
[White "Frombach, Ralf"]
[Black "Grosse Frintrop, Gerd"]
[Result "0-1"]
[WhiteElo "2130"]
[BlackElo "1975"]
[PlyCount "91"]
[EventDate "2003.09.28"]
[EventType "team"]
[EventRounds "9"]
[EventCountry "GER"]
[SourceTitle "EXT 2007"]
[Source "ChessBase"]
[SourceDate "2006.11.23"]
[SourceVersion "1"]
[SourceVersionDate "2006.11.23"]
[SourceQuality "1"]
[WhiteTeam "Werne SK"]
[BlackTeam "Buer"]
[WhiteTeamCountry "GER"]
[BlackTeamCountry "GER"]

1. d4 g6 2. e4 d6 3. Nc3 Bg7 4. Be3 Nf6 5. f3 Nbd7 6. Qd2 0-0 7. 0-0-0 a6 8. g4 c6 9. h4 h5 10. e5 Qa5 11. exf6 Nxf6 12. g5 Nd7 13. Kb1 b5 14. Ne4 Qd8 15. Ne2 a5 16. Nf4 b4 17. Bd3 e5 18. dxe5 Nxe5 19. Be2 d5 20. Bc5 Nd7 21. Bxf8 Qxf8 22. Ng3 Qd6 23. Ngxh5 gxh5 24. Nxh5 Bh8 25. Rhg1 Kf8 26. f4 a4 27. Bd3 b3 28. a3 bxc2+ 29. Bxc2 Rb8 30. Qd3 Rxb2+ 31. Kc1 Ra2 32. g6 Nc5 33. g7+ Bxg7 34. Nxg7 Nxd3+ 35. Rxd3 Ra1+ 36. Bb1 Qc5+ 37. Kb2 Qxg1 38. Kxa1 Qxg7+ 39. Ka2 Bf5 40. Rd1 Bxb1+ 41. Rxb1 Qc3 42. h5 Kg7 43. Rb4 c5 44. Rb5 c4 45. f5 Qb3+ 46. Ka1 0-1

[Event "Recklinghausen op 13th"]
[Site "Recklinghausen"]
[Date "2002.08.19"]
[Round "2"]
[White "Grosse Frintrop, Gerd"]
[Black "Ciornei, Dragos"]
[Result "0-1"]
[WhiteElo "2073"]
[BlackElo "2223"]
[PlyCount "144"]
[EventDate "2002.08.19"]
[EventType "swiss"]
[EventRounds "9"]
[EventCountry "GER"]
[SourceTitle "CBM 089 Extra"]
[Source "ChessBase"]
[SourceDate "2002.09.10"]
[SourceVersion "2"]
[SourceVersionDate "2002.09.10"]
[SourceQuality "1"]

1. d4 Nf6 2. c4 g6 3. f3 Bg7 4. e4 d6 5. Nc3 0-0 6. Be3 e5 7. Nge2 exd4 8. Nxd4 Re8 9. Qd2 Nc6 10. Nxc6 bxc6 11. Be2 Nh5 12. g4 Nf6 13. 0-0-0 Qe7 14. Bh6 Bh8 15. h4 Bb7 16. h5 c5 17. Bd3 Nd7 18. f4 Bc6 19. Rde1 Rab8 20. Bg5 Bf6 21. Bxf6 Qxf6 22. g5 Qg7 23. Rh2 Rb4 24. Reh1 Reb8 25. hxg6 Rxb2 26. Rxh7 Rxd2 27. Rxg7+ Kxg7 28. Kxd2 fxg6 29. Nd5 Bxd5 30. cxd5 Rb2+ 31. Kc3 Rxa2 32. Rh6 Ra3+ 33. Kc2 c4 34. Bxc4 Nc5 35. e5 dxe5 36. fxe5 Ne4 37. Bb5 Nxg5 38. Rh4 Re3 39. e6 Kf6 40. Rf4+ Ke7 41. Ra4 Nf3 42. Rf4 Ng5 43. Ra4 Nf3 44. Rf4 Kd6 45. Rf7 Kxd5 46. e7 Nd4+ 47. Kd2 Rxe7 48. Rxe7 Nxb5 49. Rg7 c5 50. Rxg6 c4 51. Ra6 Kc5 52. Kc2 Kb4 53. Kb2 c3+ 54. Kc2 Nd4+ 55. Kc1 Kb3 56. Rxa7 Ne2+ 57. Kd1 c2+ 58. Kxe2 c1Q 59. Rb7+ Ka4 60. Ra7+ Kb5 61. Rd7 Qc4+ 62. Rd3 Qe4+ 63. Kd2 Kc4 64. Re3 Qg2+ 65. Re2 Qg5+ 66. Kc2 Qf5+ 67. Kd2 Kd4 68. Ke1 Kc3 69. Re3+ Kc2 70. Re2+ Kc1 71. Rf2 Qe4+ 72. Kf1 Qh1+ 0-1